Perch Pṛoshyan /
Saved in:
| Main Author: | |
|---|---|
| Format: | Book |
| Language: | Armenian |
| Published: |
Erevan :
HSSṚ GA Hratarakchʻutʻyun,
1955.
|
| Subjects: | |
| Tags: |
Add Tag
No Tags, Be the first to tag this record!
|
| LEADER | 00592nam a2200193 a 4500 | ||
|---|---|---|---|
| 001 | 006763473-7 | ||
| 005 | 20130501113050.0 | ||
| 008 | 960429s1955 ai 000|0 armod | ||
| 035 | 0 | |a ocm34691870 | |
| 100 | 1 | |a Terteryan, Arsen. | |
| 245 | 1 | 0 | |a Perch Pṛoshyan / |c Arsen Terteryan. |
| 260 | |a Erevan : |b HSSṚ GA Hratarakchʻutʻyun, |c 1955. | ||
| 300 | |a 246 p. | ||
| 500 | |a At head of title HSSṚ GA. M. Abeghyani anvan grakanutʻyan institut. | ||
| 600 | 1 | 0 | |a Pṛoshyan, Perch, |d 1837-1907. |
| 650 | 0 | |a Authors, Armenian. | |
| 752 | |a Armenia (Republic) |d Yerevan. | ||
| 988 | |a 20020608 | ||
| 906 | |0 MH | ||


